Rural development reconsidered: people's responses to globalization in Tanzania (Record no. 56816)

MARC details
000 -LEADER
fixed length control field 00775nam a2200193 a 4500
008 - FIXED-LENGTH DATA ELEMENTS--GENERAL INFORMATION
fixed length control field 081216s2007 ||||||||||||||||| || u
050 ## - LIBRARY OF CONGRESS CALL NUMBER
Classification number KYO-UNI(05)ASM
100 ## - MAIN ENTRY--PERSONAL NAME
Personal name Araki, Minako
245 10 - TITLE STATEMENT
Title Rural development reconsidered: people's responses to globalization in Tanzania
Statement of responsibility, etc. Edited by Juichi Itani and Minako Araki
260 ## - PUBLICATION, DISTRIBUTION, ETC.
Place of publication, distribution, etc. Kyoto
Name of publisher, distributor, etc. Kyoto University
Date of publication, distribution, etc. 2007
300 ## - PHYSICAL DESCRIPTION
Extent 93p.: ill
350 ## - PRICE (NR) (BK AM CF MU VM SE) [OBSOLETE]
Price 0.00
490 ## - SERIES STATEMENT
Series statement African Study Monographs
650 ## - SUBJECT ADDED ENTRY--TOPICAL TERM
Topical term or geographic name entry element RURAL DEVELOPMENT--TANZANIA
650 #0 - SUBJECT ADDED ENTRY--TOPICAL TERM
Topical term or geographic name entry element AFRICA--ECONOMIC CONDITIONS
650 ## - SUBJECT ADDED ENTRY--TOPICAL TERM
Topical term or geographic name entry element GLOBALIZATION--TANZANIA
700 ## - ADDED ENTRY--PERSONAL NAME
Personal name Itani, Juichi
995 ## - RECOMMENDATION 995 [LOCAL, UNIMARC FRANCE]
-- 0.00
-- CBU-MAIN LIBRARY (Kitwe)
-- 1
-- 0.00
-- 36
-- AVAILABLE
-- Dec 16, 2008
-- International Publications
Holdings
Withdrawn status Lost status Source of classification or shelving scheme Damaged status Not for loan Home library Current library Shelving location Date acquired Total Checkouts Full call number Barcode Date last seen Price effective from Koha item type
          CBU-MAIN LIBRARY, KITWE. CBU-MAIN LIBRARY, KITWE.   11/30/2022   KYO-UNI(05)ASM Z03003344 11/30/2022 11/30/2022 MONOGRAPH